Immobilienbesitzer in der Stadt Koźminek in Großpolen im Jahr 1851
| Titel: | Immobilienbesitzer in der Stadt Koźminek in Großpolen im Jahr 1851 |
|---|---|
| Verfasser: | |
| Beteiligt: | |
| In: |
Zeitschrift für ostdeutsche Familiengeschichte, Band 63, Heft 3 (2015), Seite 378-385 alle Artikel anzeigen |
| Veröffentlicht: | 2015 |
| Format: | Aufsatz |
| Sprache: | Deutsch |
X
alg: 39284166 001A $01999:11-11-16 001B $01999:22-05-21 $t21:49:38.000 001C $06050:21-11-16 $t21:02:34.000 001D $01999:11-11-16 001U $0utf8 001X $00 002@ $0Aox 003@ $0392841665 007A $0392841665 $aHEB 007T $0Herdc0111391m 010@ $ager 011@ $a2015 021A $aImmobilienbesitzer in der Stadt Koźminek in Großpolen im Jahr 1851 028A $aFrantz $dJürgen 028B/01 $aGóra $dWioletta 031A $d63 $e3 $h378-385 $j2015 039B $aIn $8--Abvc--. Zeitschrift für ostdeutsche Familiengeschichte. - Herne : AGoFF, 2010-. - ISSN 2190-7145 $x201500000630003622 $922184872X 045F $a307.09438 $eDDC23BSB 045F/01 $a307.09 045F/03 $g438 045F/03 $g43849 045T $a8 $a8,1 lok: 39284166 78 exp: 39284166 78 1 #EPN 201B/01 $019-04-17 $t11:37:26.000 201U/01 $0utf8 203@/01 $0788951882 208@/01 $a11-11-16 $be 209A/01 $a/ $f000 $x00 220C/01 $aTitelaufnehmer: pg 220C/01 $aHerkunft: HI Marburg 244Z/01 $2Trx $#Großpolen $#Greater Poland $#Velkopolsko $8--Trx--Wielkopolska $x01 $9391277227 244Z/01 $2Trx $#Poola $#Lenkija $#Polija $#Polen Land $#Poland $#Lengyelország $#Poľsko $#Polsko $8--Trx--Polska$gkraj $x02 $9391345966 244Z/01 $2Trx $#Kozminek Kalisch $#Bornhag Kalisch* $8--Trx--Koźminek$gKalisz $x03 $9391230042 244Z/01 $aGeschichte 1369-1941 $x04 244Z/01 $aGeschichte 1851 $x05 244Z/01 $2Trx $#kinnisvara omandus $#namų nuosavybė $#real estate property $#háztulajdon $#domy jako własność $#vlastníctvo domov $#vlastnictví domů $8--Trx--Hausbesitz $x06 $9391355627 244Z/01 $2Trx $8--Trx--Zeitschriftenaufsatz $x07 $9391384341 245Z/01 $a13.03 $x01 245Z/01 $a12.01 $x02 247C/01 $82080>Marburg/Lahn, Herder-Institut, Forschungsbibliothek, Bibliographieportal $9336309341
| LEADER | 00000caa a22000002c 4500 | ||
|---|---|---|---|
| 001 | 392841665 | ||
| 003 | DE-603 | ||
| 005 | 20210522214938.0 | ||
| 007 | tu | ||
| 008 | 161111s2015 xx |||| | u00||u|ger c | ||
| 035 | |a (DE-599)HEB392841665 | ||
| 040 | |a DE-603 |b ger |c DE-603 |d DE-603 | ||
| 041 | |a ger | ||
| 082 | 0 | 4 | |8 1\u |a 307.09438 |q DE-101 |2 23/BSB |
| 084 | |a 8 |a 8,1 |2 ssgn | ||
| 085 | |8 1\u |b 307.09 | ||
| 085 | |8 1\u |z 2 |s 438 | ||
| 085 | |8 1\u |z 2 |s 43849 | ||
| 100 | 1 | |a Frantz, Jürgen | |
| 245 | 0 | 0 | |a Immobilienbesitzer in der Stadt Koźminek in Großpolen im Jahr 1851 |
| 264 | 0 | |c 2015 | |
| 700 | 1 | |a Góra, Wioletta | |
| 773 | 0 | 8 | |i In |t Zeitschrift für ostdeutsche Familiengeschichte |d Herne : AGoFF, 2010- |h 24 cm |x 2190-7145 |g Band 63, Heft 3 (2015), Seite 378-385 |w (DE-603)22184872X |w (DE-600)2545295-2 |
| 924 | 0 | |9 2080 |a (DE-603)788951882 |b DE-2080 |c HES |d d |g / | |


